[Event "A-Klasse 2014 (A68)"]
[Site "Berlin-Weißensee"]
[Date "2014.05.28"]
[Round "1.1"]
[White "Donath, Johann"]
[Black "Zschaebitz, Klaus"]
[Result "1-0"]
[WhiteElo "1925"]
[BlackElo "2026"]
[PlyCount "51"]
[EventDate "2014.??.??"]

1. e4 e6 2. d4 d5 3. Nc3 Bb4 4. Nge2 dxe4 5. a3 Bxc3+ 6. Nxc3 Nf6 7. Bg5 Nc6 8.
Bb5 Bd7 9. Nxe4 Ne7 10. Bxf6 Bxb5 11. Bxg7 Nd5 12. Bxh8 Qh4 13. Qf3 O-O-O 14.
Be5 f6 15. Bg3 Qh6 16. Nd2 Bc6 17. O-O-O b5 18. Rhe1 f5 19. Be5 a5 20. Qd3 Rg8
21. c4 bxc4 22. Qxc4 Kd7 23. g3 Rb8 24. Kb1 Rb6 25. Qc1 Bb5 26. Nc4 1-0

[Event "A-Klasse 2014 (A68)"]
[Site "Berlin-Weißensee"]
[Date "2014.05.28"]
[Round "1.2"]
[White "Poseck, Steffen"]
[Black "Mahling, Thomas"]
[Result "0-1"]
[WhiteElo "2041"]
[BlackElo "2137"]
[PlyCount "83"]
[EventDate "2014.??.??"]

1. d4 d5 2. c4 c6 3. cxd5 cxd5 4. Nc3 Nf6 5. Nf3 e6 6. Bf4 Bd6 7. Bxd6 Qxd6 8.
e3 O-O 9. Ne5 Bd7 10. Bd3 Nc6 11. f4 Nb4 12. Bb1 Rac8 13. O-O g6 14. g4 Ne8 15.
f5 exf5 16. gxf5 Nf6 17. Qf3 Nc6 18. Nxd7 Qxd7 19. Bc2 Kg7 20. Rad1 Ne7 21. e4
dxe4 22. Bxe4 Nxe4 23. f6+ Nxf6 24. Qxf6+ Kg8 25. Ne4 Qg4+ 26. Ng3 Nd5 27. Qe5
Rcd8 28. Rde1 f6 29. Qe6+ Qxe6 30. Rxe6 Rfe8 31. Rxe8+ Rxe8 32. Kf2 Rc8 33. Ne4
Rc2+ 34. Kg3 f5 35. Rf2 Rxf2 36. Nxf2 Kf7 37. Nd3 Ke7 38. h4 Nc7 39. Kf4 Kf6
40. Nb4 h6 41. h5 g5+ 42. Ke3 0-1

[Event "A-Klasse 2014 (A68)"]
[Site "Berlin-Weißensee"]
[Date "2014.05.28"]
[Round "1.3"]
[White "Witte, Ronald"]
[Black "Lenhardt, Manfred"]
[Result "1/2-1/2"]
[WhiteElo "2040"]
[BlackElo "2112"]
[PlyCount "40"]
[EventDate "2014.??.??"]

1. d4 Nf6 2. c4 e6 3. Nc3 d5 4. cxd5 exd5 5. Bg5 Be7 6. e3 c6 7. Bd3 Nbd7 8.
Qc2 O-O 9. h3 Re8 10. Nf3 Nf8 11. Ne5 N6d7 12. Bxe7 Qxe7 13. Nxd7 Bxd7 14.
O-O-O Rac8 15. Kb1 Kh8 16. h4 Be6 17. Bf5 Qf6 18. Bxe6 Qxe6 19. h5 h6 20. Ne2
Qe4 1/2-1/2

[Event "A-Klasse 2014 (A68)"]
[Site "Berlin-Weißensee"]
[Date "2014.05.28"]
[Round "1.4"]
[White "Haemmerlein, Thomas"]
[Black "Kievelitz, Bernd"]
[Result "0-1"]
[WhiteElo "2170"]
[BlackElo "2049"]
[PlyCount "108"]
[EventDate "2014.??.??"]

1. c4 e6 2. Nf3 Nf6 3. g3 b6 4. Bg2 Bb7 5. O-O Be7 6. Nc3 O-O 7. b3 c5 8. Bb2
d6 9. e3 a6 10. d4 cxd4 11. Qxd4 Qc7 12. Rac1 Rd8 13. Qd2 Nbd7 14. h3 Rac8 15.
Qe2 Qb8 16. e4 Ne8 17. Rfe1 Bf6 18. Nh2 g6 19. Ng4 Bg7 20. Na4 h5 21. Ne3 Bxb2
22. Nxb2 Nc5 23. f3 e5 24. g4 Ng7 25. Qf2 Nce6 26. Nd3 Nf4 27. Nxf4 exf4 28.
Nc2 Qc7 29. Bf1 Qc5 30. Nd4 Ne6 31. Rcd1 h4 32. Rd2 Rd7 33. Red1 Nxd4 34. Qxd4
Rcd8 35. Kg2 Qxd4 36. Rxd4 Bc6 37. b4 f6 38. c5 dxc5 39. Rxd7 Rxd7 40. Rxd7
Bxd7 41. bxc5 b5 42. Kf2 Kf7 43. Ke2 Be6 44. a3 Bc4+ 45. Ke1 Bxf1 46. Kxf1 g5
47. Ke2 Ke6 48. Kd3 Kd7 49. Kd4 Kc6 50. e5 fxe5+ 51. Kxe5 Kxc5 52. Kf5 a5 53.
Kxg5 b4 54. axb4+ axb4 0-1

[Event "A-Klasse 2014 (A68)"]
[Site "Berlin-Weißensee"]
[Date "2014.05.29"]
[Round "2.1"]
[White "Zschaebitz, Klaus"]
[Black "Mahling, Thomas"]
[Result "1-0"]
[WhiteElo "2026"]
[BlackElo "2137"]
[PlyCount "93"]
[EventDate "2014.??.??"]

1. c4 e5 2. g3 Nf6 3. Bg2 d5 4. cxd5 Nxd5 5. Nc3 Nb6 6. Nf3 Nc6 7. a3 Be7 8. b4
Be6 9. Rb1 f6 10. O-O O-O 11. d3 a5 12. b5 Nd4 13. Nd2 c6 14. bxc6 Nxc6 15. Na4
Ra6 16. Ne4 Nxa4 17. Qxa4 Nd4 18. Re1 b5 19. Qd1 b4 20. e3 Nc6 21. a4 Rb6 22.
Bb2 f5 23. Nd2 Qxd3 24. Bf1 Qd8 25. Bc4 Bxc4 26. Nxc4 Qxd1 27. Rexd1 Rbb8 28.
Nxe5 Nxe5 29. Bxe5 Rbc8 30. Rd5 Kf7 31. Bd4 g6 32. Kg2 Rfd8 33. Rxa5 Ra8 34.
Rb5 Rxa4 35. Rc1 Rd7 36. Rc8 Bd6 37. h4 Ra2 38. h5 Ra4 39. Rh8 Ke6 40. hxg6
hxg6 41. Rg8 Ra6 42. Rxg6+ Kf7 43. Rf6+ Ke8 44. Rfxf5 Kd8 45. Bc5 Ra4 46. Bxd6
Rxd6 47. Rf4 1-0

[Event "A-Klasse 2014 (A68)"]
[Site "Berlin-Weißensee"]
[Date "2014.05.29"]
[Round "2.2"]
[White "Donath, Johann"]
[Black "Witte, Ronald"]
[Result "1/2-1/2"]
[WhiteElo "1925"]
[BlackElo "2040"]
[PlyCount "67"]
[EventDate "2014.??.??"]

1. e4 c5 2. c3 d5 3. exd5 Qxd5 4. d4 Nf6 5. Nf3 Nc6 6. Be2 cxd4 7. cxd4 e6 8.
O-O Be7 9. Nc3 Qd6 10. Be3 O-O 11. a3 a6 12. Rc1 b5 13. Ne5 Bb7 14. Bf3 Na5 15.
Bxb7 Nxb7 16. Qf3 Na5 17. Rfd1 Rac8 18. Bf4 Qb6 19. Rc2 Nc4 20. Re2 b4 21. axb4
Bxb4 22. Bg5 Nxe5 23. dxe5 Bxc3 24. bxc3 Nd5 $15 25. Qg4 $2 $19 Kh8 $6 $17 (
25... Nxc3 $19 26. Red2 Nxd1 27. Bf6 g6 28. Rxd1 Rc2 29. Rf1 Qb5 30. Qg5 Rb8
31. g3) 26. Ree1 $19 (26. Bd2 $142 $17) 26... Rxc3 27. h3 Rc2 28. Rf1 f6 $6 $17
(28... Qb2 $19) 29. exf6 Nxf6 $2 $18 (29... gxf6 $17) 30. Bxf6 Rxf6 $2 (30...
Qc7 {verliert auch}) 31. Rd7 Rg6 32. Qa4 $4 (32. Qb4 $1) 32... Rc8 33. Rfd1 h6
34. Qe4 1/2-1/2

[Event "A-Klasse 2014 (A68)"]
[Site "Berlin-Weißensee"]
[Date "2014.05.29"]
[Round "2.3"]
[White "Kievelitz, Bernd"]
[Black "Poseck, Steffen"]
[Result "1/2-1/2"]
[WhiteElo "2049"]
[BlackElo "2041"]
[PlyCount "60"]
[EventDate "2014.??.??"]

1. Nf3 c5 2. c4 Nf6 3. d4 cxd4 4. Nxd4 a6 5. Nc3 d5 6. e3 e6 7. Be2 Be7 8. O-O
O-O 9. cxd5 Nxd5 10. Nxd5 Qxd5 11. Bf3 Qd6 12. Qb3 Nd7 13. Rd1 Qb6 14. Bd2 Qxb3
15. Nxb3 Ne5 16. Be2 b6 17. Bc3 Bf6 18. Bd4 Rb8 19. Rac1 Nd7 20. Bf3 Bxd4 21.
Nxd4 Ne5 22. Nc6 Nxc6 23. Bxc6 Bb7 24. g3 Bxc6 25. Rxc6 Rfc8 26. Rcd6 g6 27.
Rd7 Rc2 28. Ra7 a5 29. Rdd7 Rf8 30. Rdb7 Rxb2 1/2-1/2

[Event "A-Klasse 2014 (A68)"]
[Site "Berlin-Weißensee"]
[Date "2014.05.29"]
[Round "3.1"]
[White "Witte, Ronald"]
[Black "Zschaebitz, Klaus"]
[Result "1/2-1/2"]
[WhiteElo "2040"]
[BlackElo "2026"]
[PlyCount "133"]
[EventDate "2014.??.??"]

1. d4 Nf6 2. c4 e6 3. Nc3 Bb4 4. Qc2 d6 5. a3 Bxc3+ 6. Qxc3 Nbd7 7. Nf3 b6 8.
Bg5 h6 9. Bh4 Bb7 10. e3 g5 11. Bg3 Ne4 12. Qc2 f5 13. Nd2 Qe7 14. Nxe4 Bxe4
15. Qa4 Kf7 16. f3 Bb7 17. Bd3 Kg7 18. O-O Rhf8 19. e4 f4 20. Bf2 c5 21. b4
Rfd8 22. Rad1 e5 23. dxc5 dxc5 24. Qb3 Rac8 25. b5 Nf8 26. Bc2 Ne6 27. Rxd8
Rxd8 28. Rd1 Nd4 29. Bxd4 cxd4 30. Bd3 Rc8 31. a4 Qe6 32. Rb1 g4 33. Qb4 gxf3
34. gxf3 a5 35. bxa6 Bxa6 36. Qxb6 Qxb6 37. Rxb6 Bxc4 38. Bxc4 Rxc4 39. a5 Rc1+
40. Kg2 Rc2+ 41. Kh3 h5 42. a6 Ra2 43. Re6 Ra3 44. Kg2 Ra5 45. a7 Rxa7 46. Rxe5
Ra2+ 47. Kh3 Rf2 48. Rxh5 Rxf3+ 49. Kg4 Rf2 50. Rd5 Rxh2 51. Rxd4 Kf6 52. Kxf4
Rf2+ 53. Ke3 Ra2 54. Rb4 Ra6 55. Kf4 Ke6 56. Rb8 Ke7 57. Rb7+ Ke8 58. Kf5 Rc6
59. e5 Ra6 60. Rg7 Rb6 61. Rg6 Rxg6 62. Kxg6 Ke7 63. Kf5 Kf7 64. e6+ Ke8 65.
Kf6 Kf8 66. e7+ Ke8 67. Ke6 1/2-1/2

[Event "A-Klasse 2014 (A68)"]
[Site "Berlin-Weißensee"]
[Date "2014.05.29"]
[Round "3.2"]
[White "Mahling, Thomas"]
[Black "Kievelitz, Bernd"]
[Result "1-0"]
[WhiteElo "2137"]
[BlackElo "2049"]
[PlyCount "97"]
[EventDate "2014.??.??"]

1. d4 Nf6 2. c4 e6 3. Nc3 Bb4 4. e3 O-O 5. Bd3 d5 6. Nf3 c5 7. O-O Nc6 8. a3
Bxc3 9. bxc3 dxc4 10. Bxc4 Qc7 11. Qe2 e5 12. d5 Na5 13. Ba2 e4 14. Nd2 b6 15.
c4 Nb7 16. h3 Nd6 17. Bb2 Qe7 18. Rfd1 Nfe8 19. f4 f5 20. a4 Bd7 21. Bb3 Nb7
22. Bc2 Ned6 23. Bc3 a5 24. Rdb1 Nc8 25. Rb2 Nbd6 26. Rab1 Qf7 27. Be5 Qe7 28.
g3 Be8 29. Kg2 Nf7 30. Bc3 Nfd6 31. g4 Bg6 32. g5 Qf7 33. Bd1 Ra7 34. h4 Qe8
35. h5 Bf7 36. Nf1 Qd8 37. Kh3 g6 38. h6 Be8 39. Bb3 Rff7 40. Ra2 Qc7 41. Ng3
Rd7 42. Ba1 Rf7 43. Qb2 Kf8 44. Qe5 Qb7 45. Rg1 Qc7 46. Rag2 Ne7 47. Nh5 gxh5
48. Qh8+ Ng8 49. g6 1-0

[Event "A-Klasse 2014 (A68)"]
[Site "Berlin-Weißensee"]
[Date "2014.05.29"]
[Round "3.4"]
[White "Poseck, Steffen"]
[Black "Lenhardt, Manfred"]
[Result "0-1"]
[WhiteElo "2041"]
[BlackElo "2112"]
[PlyCount "90"]
[EventDate "2014.??.??"]

1. d4 d5 2. Nf3 Nf6 3. e3 c6 4. Bd3 Bg4 5. h3 Bh5 6. g4 Bg6 7. Ne5 Bxd3 8. Qxd3
Nbd7 9. Nd2 e6 10. f4 h5 11. Nxd7 Nxd7 12. g5 Be7 13. Nf3 Qc7 14. Bd2 O-O-O 15.
b4 f6 16. gxf6 gxf6 17. c4 dxc4 18. Qxc4 e5 19. dxe5 fxe5 20. f5 e4 21. Qxe4
Rhe8 22. O-O-O a5 23. Qc4 axb4 24. Bxb4 Bxb4 25. Qxb4 Rxe3 26. Ng5 c5 27. Qd2
Qe5 28. Qb2 Qf4 29. Nf7 Qc4+ 30. Kb1 Qxf7 31. Rhf1 Qf6 32. Qc2 Rde8 33. Qa4 Qc6
34. Qa8+ Kc7 35. Qa5+ Qb6+ 36. Qxb6+ Nxb6 37. f6 Rf8 38. Rf5 Kc6 39. Rg1 Re6
40. Rgg5 Nd7 41. f7 Re7 42. Rg6+ Kb5 43. Rf3 Rfxf7 44. Rb3+ Kc4 45. Rxb7 Rf1+
0-1

[Event "A-Klasse 2014 (A68)"]
[Site "Berlin-Weißensee"]
[Date "2014.05.30"]
[Round "4.1"]
[White "Zschaebitz, Klaus"]
[Black "Kievelitz, Bernd"]
[Result "1-0"]
[WhiteElo "2026"]
[BlackElo "2049"]
[PlyCount "123"]
[EventDate "2014.??.??"]

1. c4 e6 2. g3 d5 3. Bg2 Nf6 4. Nf3 Be7 5. O-O O-O 6. b3 c6 7. Bb2 Nbd7 8. Qc2
Re8 9. d3 Bd6 10. Nbd2 e5 11. e4 d4 12. Nh4 g6 13. Bh3 c5 14. Rae1 Nh5 15. Bc1
Nf4 16. Bg4 h5 17. Bd1 Nf8 18. Ndf3 N4e6 19. Ng2 Nh7 20. Kh1 g5 21. Ng1 Ng7 22.
f4 f6 23. Rf2 Bg4 24. Bxg4 hxg4 25. f5 Kf7 26. Qd1 Rh8 27. Qxg4 Nf8 28. Ref1
Qd7 29. Ne1 a5 30. a4 b6 31. Nef3 Ra7 32. h3 Ke8 33. Nh2 Qf7 34. Kg2 Kd8 35.
Ngf3 Qh5 36. Qxh5 Rxh5 37. Ng4 Ne8 38. Rh1 Rah7 39. Ng1 (39. Ngxe5 Bxe5 40.
Nxe5 fxe5 41. g4 R5h6 42. Bxg5+) 39... Nd7 40. Kf3 Be7 41. Rfh2 Nd6 42. Bd2 Nf7
43. Be1 Ke8 44. h4 Kf8 45. Nh3 Kg8 46. hxg5 Rxh3 47. Rxh3 Nxg5+ 48. Kg2 Rxh3
49. Rxh3 Nxh3 50. Kxh3 Kg7 51. Kh4 Nb8 52. Kh5 Nc6 53. Nh2 Kf7 54. g4 Bd8 55.
Nf3 Be7 56. Bd2 Bd8 57. g5 fxg5 58. Nxg5+ Bxg5 59. Kxg5 Nd8 60. Be1 Kg7 61. f6+
Kf7 62. Kf5 1-0

[Event "A-Klasse 2014 (A68)"]
[Site "Berlin-Weißensee"]
[Date "2014.05.30"]
[Round "4.3"]
[White "Lenhardt, Manfred"]
[Black "Mahling, Thomas"]
[Result "1/2-1/2"]
[WhiteElo "2112"]
[BlackElo "2137"]
[PlyCount "96"]
[EventDate "2014.??.??"]

1. d4 Nf6 2. Nf3 e6 3. g3 d5 4. Bg2 c5 5. O-O Nc6 6. c4 dxc4 7. Qa4 Bd7 8. dxc5
Bxc5 9. Qxc4 Qb6 10. Nc3 Na5 11. Qh4 Be7 12. Ne5 Rd8 13. Rd1 Nc6 14. Nxd7 Nxd7
15. Qh5 O-O 16. Qb5 Qxb5 17. Nxb5 Nde5 18. Bf4 a6 19. Nd4 Bf6 20. Bxc6 Nxc6 21.
Nxc6 bxc6 22. Rxd8 Rxd8 23. Rb1 Rd5 24. b3 Rc5 25. Rc1 Rxc1+ 26. Bxc1 Kf8 27.
Kg2 Ke7 28. Ba3+ Kd7 29. Kf3 Bd4 30. e3 Bc3 31. Ke4 f5+ 32. Kd3 Ba5 33. e4 Bc7
34. h4 h5 35. Bc1 g6 36. Be3 Bd6 37. Kc4 Kc8 38. Bc5 Bc7 39. Kd4 Kd7 40. f4 Ke8
41. b4 Kd7 42. e5 a5 43. Kc4 axb4 44. Kxb4 Kc8 45. Kc4 Kb7 46. Be7 Bb6 47. Bc5
Ba5 48. Bb4 Bb6 1/2-1/2

[Event "A-Klasse 2014 (A68)"]
[Site "Berlin-Weißensee"]
[Date "2014.05.30"]
[Round "4.4"]
[White "Donath, Johann"]
[Black "Poseck, Steffen"]
[Result "1/2-1/2"]
[WhiteElo "1925"]
[BlackElo "2041"]
[PlyCount "100"]
[EventDate "2014.??.??"]

1. e4 e6 2. d4 d5 3. Nc3 Bb4 4. Nge2 dxe4 5. a3 Be7 6. Nxe4 Nf6 7. Nxf6+ Bxf6
8. Be3 c5 9. c3 cxd4 10. Nxd4 a6 11. Qc2 Qc7 12. Be2 O-O 13. O-O-O Bd7 14. g4
Nc6 15. Nf3 g6 16. h4 e5 17. Ng5 Rac8 18. Bd3 Nd4 19. Bxd4 exd4 20. Nxh7 Kxh7
21. h5 Bg5+ (21... dxc3 22. hxg6+ Kg7 23. Rh7+ Kg8 24. gxf7+ Rxf7 25. Qb3 cxb2+
) 22. Kb1 f5 23. hxg6+ Kxg6 24. gxf5+ (24. Bxf5+ Bxf5 25. gxf5+ Rxf5 26. Rxd4)
24... Kf6 25. Rdg1 Rh8 26. Qb3 dxc3 (26... Rxh1 27. Rxh1 dxc3 28. Rh7 c2+ 29.
Bxc2 Qxc2+ 30. Qxc2 Rxc2 31. Rxd7 Rc1+ 32. Ka2 Kxf5 33. Rxb7) 27. Rxh8 (27. f4
Qxf4 28. Rxh8 Rxh8 29. Qxc3+ Qe5 30. Qxe5+ Kxe5 31. Rxg5) 27... Rxh8 28. Qd5
Re8 (28... Qb6 29. b4 Ba4 30. f4) 29. Qd4+ Re5 30. Rxg5 Bb5 31. Bc2 (31. Bxb5
Kxg5 (31... axb5 32. Rh5 Kg7 33. Qg4+ Kf8 34. Rh8+ Ke7)) 31... Kxg5 32. f4+ Kf6
33. fxe5+ (33. bxc3) 33... Qxe5 34. Qh4+ (34. Qd8+ Kg7 35. bxc3 Qxc3 36. Qe7+
Kh6 37. f6 Bd3 38. Qe3+ Kg6 39. Qxd3+ Qxd3 40. Bxd3+ Kxf6) 34... Kf7 35. Qh7+
Qg7 36. Bb3+ (36. Qh5+ Kf6 37. Qh4+ Kf7 38. Bb3+ Ke8 39. f6) 36... Kf6 37. Qh3
Qg1+ 38. Ka2 cxb2 39. Kxb2 Qd4+ 40. Qc3 {(=)} Qxc3+ 41. Kxc3 Kxf5 42. Kb2 Ke5
43. Bg8 Bc6 44. Bh7 Kd4 45. Bg8 Bd5 46. Bh7 b6 47. Bg6 Bc6 48. Bh7 a5 49. Bg6
b5 50. Bh7 Bd5 1/2-1/2

[Event "A-Klasse 2014 (A68)"]
[Site "Berlin-Weißensee"]
[Date "2014.05.31"]
[Round "5.2"]
[White "Kievelitz, Bernd"]
[Black "Lenhardt, Manfred"]
[Result "1/2-1/2"]
[WhiteElo "2049"]
[BlackElo "2112"]
[PlyCount "84"]
[EventDate "2014.??.??"]

1. Nf3 Nf6 2. c4 c5 3. d4 e6 4. Nc3 b6 5. d5 d6 6. g3 e5 7. Bg2 Be7 8. O-O O-O
9. h3 Na6 10. a3 Bd7 11. e4 Nc7 12. Nd2 b5 13. cxb5 Nxb5 14. Nxb5 Bxb5 15. Re1
Nd7 16. Nf1 Bg5 17. Bxg5 Qxg5 18. Ne3 g6 19. Qc2 Rfb8 20. Bf1 Bxf1 21. Kxf1 Rf8
22. Nc4 Qe7 23. Kg2 f5 24. f3 Rf6 25. Rf1 Raf8 26. Rf2 fxe4 27. Qxe4 Rf5 28.
Ne3 R5f7 29. Raf1 Nf6 30. Qc4 Qb7 31. b4 Rc7 32. b5 Rcf7 33. a4 Kg7 34. f4 exf4
35. Rxf4 Kg8 36. Kh2 Qe7 37. Qc3 Ne4 38. Rxf7 Rxf7 39. Rxf7 Qxf7 40. Qe1 Qf6
41. Ng4 Qb2+ 42. Kg1 Qd4+ 1/2-1/2

[Event "A-Klasse 2014 (A68)"]
[Site "Berlin-Weißensee"]
[Date "2014.05.31"]
[Round "5.3"]
[White "Poseck, Steffen"]
[Black "Witte, Ronald"]
[Result "1/2-1/2"]
[WhiteElo "2041"]
[BlackElo "2040"]
[PlyCount "35"]
[EventDate "2014.??.??"]

1. e4 c5 2. Nf3 d6 3. Bb5+ Bd7 4. Bxd7+ Qxd7 5. O-O Nc6 6. d3 Nf6 7. Nbd2 e6 8.
a3 Be7 9. Rb1 Qc7 10. Re1 O-O 11. b4 cxb4 12. axb4 b5 13. Qe2 a6 14. c3 d5 15.
e5 Nd7 16. Nb3 Nb6 17. Bf4 Na4 18. Rec1 1/2-1/2

[Event "A-Klasse 2014 (A68)"]
[Site "Berlin-Weißensee"]
[Date "2014.05.31"]
[Round "5.4"]
[White "Mahling, Thomas"]
[Black "Donath, Johann"]
[Result "1/2-1/2"]
[WhiteElo "2137"]
[BlackElo "1925"]
[PlyCount "111"]
[EventDate "2014.??.??"]

1. e4 e5 2. Nf3 Nc6 3. d4 exd4 4. Nxd4 Nf6 5. Nxc6 bxc6 6. e5 Qe7 7. Qe2 Nd5 8.
c4 Ba6 9. Nd2 Nb4 10. Kd1 c5 11. Nf3 d5 12. exd6 Qxe2+ 13. Bxe2 Bxd6 14. a3 Nc6
15. Kc2 Nd4+ 16. Nxd4 cxd4 17. Bf3 O-O-O 18. Kd3 Rhe8 19. Bg5 f6 20. Bd2 Bb7
21. Bxb7+ Kxb7 22. Rhe1 Re5 23. f4 Rh5 24. h3 g5 25. f5 g4 26. hxg4 Rh2 27. Re2
Rg8 28. g5 fxg5 29. Kxd4 Rf8 30. Rf1 Rh4+ 31. Kd3 Bf4 32. Bxf4 gxf4 33. Re5 Rg4
34. Rf2 Kc6 35. Ke2 Rfg8 36. Re4 Rxg2 37. Rexf4 Rxf2+ 38. Kxf2 Kd6 39. Rd4+ Ke5
40. Rd7 c6 41. Rxa7 Kxf5 42. Rxh7 Ke4 43. Rd7 Rb8 44. Rd2 Rh8 45. Ke2 Rh1 46.
Rd6 Rh2+ 47. Kd1 Rxb2 48. Rxc6 Kd3 49. Kc1 Kc3 50. c5 Ra2 51. Rb6 Ra1+ 52. Rb1
Rxa3 53. c6 Ra8 54. Kd1 Rc8 55. Ke2 Kd4 56. Rc1 1/2-1/2

[Event "A-Klasse 2014 (A68)"]
[Site "Berlin-Weißensee"]
[Date "2014.05.31"]
[Round "6.1"]
[White "Zschaebitz, Klaus"]
[Black "Lenhardt, Manfred"]
[Result "1-0"]
[WhiteElo "2026"]
[BlackElo "2112"]
[PlyCount "87"]
[EventDate "2014.??.??"]

1. Nf3 Nf6 2. g3 d5 3. Bg2 e6 4. O-O c5 5. b3 Nc6 6. Bb2 Be7 7. e3 O-O 8. c4
Qc7 9. Nc3 dxc4 10. bxc4 Bd7 11. d4 cxd4 12. exd4 Na5 13. c5 Rac8 14. Qe2 b6
15. cxb6 Qxb6 16. Rab1 Nc4 17. Ba3 Qd8 18. Bxe7 Qxe7 19. Rfd1 Bc6 {(=)} 20. d5
Ba8 21. Nd4 Nb6 22. Nc6 Bxc6 23. dxc6 Qa3 24. Qb2 Qa5 25. Qb4 Qxb4 26. Rxb4
Nfd5 27. Nxd5 exd5 28. Rc1 Rc7 29. a4 Rfc8 30. a5 Nd7 31. Bxd5 Nf6 32. Bf3 Kf8
33. Re1 g5 34. Re5 h6 35. h4 gxh4 36. Rxh4 Kg7 37. Rb4 Ng8 38. Rb7 Kf6 39. Reb5
Ne7 40. Bg4 Rxc6 41. Bxc8 Nxc8 42. Rh5 Kg6 43. Rd5 f6 44. Rdd7 1-0

[Event "A-Klasse 2014 (A68)"]
[Site "Berlin-Weißensee"]
[Date "2014.05.31"]
[Round "6.3"]
[White "Donath, Johann"]
[Black "Kievelitz, Bernd"]
[Result "1-0"]
[WhiteElo "1925"]
[BlackElo "2049"]
[PlyCount "53"]
[EventDate "2014.??.??"]

1. e4 c5 2. c3 g6 3. d4 cxd4 4. cxd4 Bg7 5. Nf3 d6 6. Nc3 Nf6 7. Bc4 O-O 8. Qe2
Nc6 9. h3 e5 10. dxe5 dxe5 11. O-O a6 12. Rd1 Qc7 13. Be3 b5 14. Bb3 Rd8 15.
Nd5 Nxd5 16. exd5 Na5 17. Bg5 Rd7 $2 $18 (17... Rd6 $16) 18. d6 Rxd6 19. Rxd6
Qxd6 20. Rd1 Qc5 21. Rd8+ Bf8 22. Bd5 (22. Bxf7+ $1 Kxf7 23. Nxe5+ Kg8 24. Qf3)
22... Nc6 $6 (22... Bb7 23. Rxa8 Bxd5 24. Rb8) 23. Bxc6 $14 (23. Be3 $142 $18
Qe7 24. Rxf8+ Kxf8 25. Bxc6 Rb8) 23... Qxc6 24. Qxe5 $15 (24. Nxe5 $14) 24...
Bb7 $4 (24... Be6) 25. Rxf8+ Rxf8 26. Bh6 f6 27. Qe7 1-0

[Event "A-Klasse 2014 (A68)"]
[Site "Berlin-Weißensee"]
[Date "2014.05.31"]
[Round "6.4"]
[White "Witte, Ronald"]
[Black "Mahling, Thomas"]
[Result "1-0"]
[WhiteElo "2040"]
[BlackElo "2137"]
[PlyCount "169"]
[EventDate "2014.??.??"]

1. d4 Nf6 2. c4 e6 3. Nc3 Bb4 4. Qc2 d6 5. g3 O-O 6. Bg2 Nc6 7. e3 e5 8. d5 Ne7
9. Nge2 a5 10. a3 Bc5 11. O-O Bd7 12. Na4 Ba7 13. Nec3 c6 14. dxc6 bxc6 15. Rd1
Qc7 16. c5 d5 17. e4 d4 18. Nb1 Bg4 19. f3 Be6 20. Nd2 Nd7 21. b4 Rab8 22. Rb1
axb4 23. axb4 Qb7 24. Bf1 Qc7 25. Nc4 Nc8 26. Bd2 f5 27. exf5 Bxf5 28. Bd3 Bxd3
29. Qxd3 Ne7 30. f4 Ng6 31. fxe5 Ndxe5 32. Nxe5 Qxe5 33. Qc4+ Kh8 34. Re1 Qf5
35. Qxd4 Rbd8 36. Qe3 Qc2 (36... Ne5 37. Rf1 (37. Qxe5 Qf2+ 38. Kh1 Rxd2) 37...
Nf3+ 38. Qxf3 Qxf3 39. Rxf3 Rxf3) 37. Bc3 Rd3 38. Rbc1 Rxe3 39. Rxc2 Rxe1+ 40.
Bxe1 Ne5 41. Re2 Re8 42. Kg2 Bb8 43. Bc3 Re7 44. Nb6 Ng6 45. Rd2 Bc7 46. Na8
Kg8 47. Nxc7 Rxc7 48. Kf3 Kf7 49. Rd8 Nf8 50. Be5 Rb7 51. Rc8 Ne6 52. Rxc6 Rxb4
53. Rb6 Rc4 54. c6 Nd4+ 55. Bxd4 Rxd4 56. Rb7+ Kf6 57. c7 Rc4 58. Ke3 Ke6 59.
Kd3 Rc1 60. c8=Q+ Rxc8 61. Rxg7 Rh8 62. Ke4 Kf6 63. Ra7 Kg6 64. Kf4 Rb8 65.
Ra6+ Kg7 66. Ra7+ Kg6 67. g4 Rb4+ 68. Kg3 h5 69. Ra6+ Kh7 70. h3 hxg4 71. hxg4
Rb1 72. Kh4 Kg7 73. Kh5 Rh1+ 74. Kg5 Rg1 75. Ra7+ Kf8 76. Kf6 Rf1+ $2 (76...
Kg8 $11) 77. Kg6 Rg1 78. g5 Rh1 79. Ra8+ Ke7 80. Kg7 Rg1 81. g6 Rg2 82. Ra3 Rg1
83. Re3+ Kd8 84. Re6 Kd7 85. Kf7 1-0

[Event "A-Klasse 2014 (A68)"]
[Site "Berlin-Weißensee"]
[Date "2014.06.01"]
[Round "7.1"]
[White "Poseck, Steffen"]
[Black "Zschaebitz, Klaus"]
[Result "0-1"]
[WhiteElo "2041"]
[BlackElo "2026"]
[PlyCount "138"]
[EventDate "2014.??.??"]

1. b3 d5 2. Bb2 Nf6 3. e3 g6 4. c4 c6 5. Nf3 Bg7 6. Nc3 O-O 7. d4 Re8 8. Ne5 e6
9. Bd3 Nfd7 10. f4 f6 11. Nxg6 hxg6 12. Bxg6 Re7 13. h4 (13. Ba3 c5 14. cxd5
Nf8 15. Be4) 13... f5 (13... Nf8) 14. h5 Bh6 15. g4 fxg4 16. Qxg4 Nf6 17. Bf7+
(17. Qh4 Nbd7 18. O-O-O) 17... Kf8 18. Qg6 Rxf7 19. Qxh6+ Ke8 20. Ke2 (20.
O-O-O) 20... Qe7 21. Rag1 Nbd7 22. Qg6 Nf8 23. Qb1 b6 24. Qc1 Bb7 25. Ba3 c5
26. dxc5 bxc5 27. cxd5 exd5 28. Rg5 Ne6 29. Re5 Nd7 30. Nxd5 Bxd5 31. Bxc5
Ndxc5 32. Rd1 Rd8 33. b4 Bf3+ (33... Qh4) 34. Kxf3 Rxd1 35. Qxd1 Qb7+ 36. Qd5
Qxd5+ 37. Rxd5 Nd7 38. h6 Nf6 39. Ra5 (39. Rd6 Nc7 40. a4 Ncd5 41. b5 Rc7 42.
a5 Rc3 43. Re6+ Kf7 44. f5 Nc7 45. Re5 Rb3 46. b6 axb6 47. axb6 Rxb6) 39... Rb7
40. Ra6 Kf7 41. e4 Nc7 42. Rc6 (42. Rd6) 42... Ne6 43. Ra6 Nc7 44. Rc6 Nb5 45.
Ke3 Re7 46. e5 Nd5+ 47. Ke4 Nxb4 48. Rc5 Nd6+ 49. Kf3 Nf5 50. h7 Kg7 51. Ke4
Ng3+ 52. Kf3 Nh5 53. Kg4 Nxf4 54. h8=Q+ Kxh8 55. Rc8+ Kg7 56. Kxf4 Nd3+ 57. Ke4
Nxe5 58. Kd5 Kf6 59. Rf8+ Nf7 60. a4 Rc7 61. a5 Ke7 62. Rb8 Nd8 63. a6 Kd7 64.
Rb1 Nc6 65. Rb2 Ne7+ 66. Kd4 Kc8 67. Rb1 Nc6+ 68. Kd5 Nb8 69. Rh1 Nxa6 0-1

[Event "A-Klasse 2014 (A68)"]
[Site "Berlin-Weißensee"]
[Date "2014.06.01"]
[Round "7.2"]
[White "Lenhardt, Manfred"]
[Black "Donath, Johann"]
[Result "1/2-1/2"]
[WhiteElo "2112"]
[BlackElo "1925"]
[PlyCount "84"]
[EventDate "2014.??.??"]

1. d4 d5 2. Nf3 Nf6 3. c4 dxc4 4. e3 Bg4 5. Bxc4 e6 6. h3 Bh5 7. Nc3 Nc6 8. Bd2
Bd6 9. Be2 O-O 10. O-O a6 11. Rc1 Qe7 12. Nh4 Bxe2 13. Qxe2 Nd5 14. Nf5 Qf6 15.
Nxd6 cxd6 16. Nxd5 exd5 17. Qf3 Qxf3 18. gxf3 f5 19. f4 Rac8 20. Rc3 Ne7 21.
Rfc1 Rxc3 22. Rxc3 Rc8 23. Rb3 Rc7 24. Bb4 Rd7 25. Ba5 Nc6 26. Bb6 Kf7 27. Kg2
Ke6 28. a3 Rf7 29. Rc3 Rf8 30. Kg3 Rc8 31. Kh4 Ne7 32. Rxc8 Nxc8 33. Ba5 b6 34.
Bd2 Ne7 35. Kg5 Nc6 36. h4 Ne7 37. h5 Nc6 38. f3 Ne7 39. Kh4 h6 40. a4 Ng8 41.
Be1 Nf6 42. Bc3 Kd7 1/2-1/2

[Event "A-Klasse 2014 (A68)"]
[Site "Berlin-Weißensee"]
[Date "2014.06.01"]
[Round "7.4"]
[White "Kievelitz, Bernd"]
[Black "Witte, Ronald"]
[Result "1/2-1/2"]
[WhiteElo "2049"]
[BlackElo "2040"]
[PlyCount "44"]
[EventDate "2014.??.??"]

1. Nf3 d5 2. d4 Nf6 3. c4 e6 4. Nc3 c6 5. Qb3 Nbd7 6. g3 Bd6 7. Bg2 O-O 8. O-O
b6 9. e4 Nxe4 10. Nxe4 dxe4 11. Ng5 Nf6 12. Nxe4 Nxe4 13. Bxe4 Bd7 14. Rd1 Qe7
15. Bg2 Rfd8 16. Be3 Rac8 17. Rd3 Be8 18. Rad1 e5 19. c5 Bc7 20. dxe5 Rxd3 21.
Rxd3 Qxe5 22. Qc3 Qxc3 1/2-1/2